000 00555nam a2200193 i 4500
001 27054
003 ES-MaACL
005 20230906153542.0
007 t|
008 030113s1962 sp ||||1| spa d
100 1 _aArrillaga, José Ignacio de.
_923313
245 1 0 _aEnsayos sobre Turismo /
_cJosé Ignacio de Arrillaga.
260 _a[Barcelona] :
_bEditur,
_c[1962]
300 _a158 p. ;
_c21 cm.
490 1 _aPensamiento y turismo
830 0 _aPensamiento y turismo
_9229197
852 _aES-MaACL
_jC-21316
_bR.49766
999 _c27054
_d27054